[Event "Pirai do Sul op 25th"]
[Site "Chess.com INT"]
[Date "2020.12.27"]
[Round "5"]
[White "De Ramos, Joao Victor Vedan"]
[Black "Dos Santos, Gabriel Martins"]
[Result "0-1"]
[WhiteElo "1719"]
[BlackElo "1413"]
[PlyCount "80"]
[EventDate "2020.12.26"]
[EventType "swiss"]
[EventRounds "12"]
[EventCountry "BRA"]
[SourceTitle "CBM 200 Extra"]
[Source "ChessBase"]
[SourceDate "2021.03.31"]
[SourceVersion "1"]
[SourceVersionDate "2021.03.31"]
[SourceQuality "1"]

1. e4 c5 2. Nf3 Nc6 3. Nc3 Nf6 4. g3 e6 5. Bg2 Be7 6. 0-0 0-0 7. d3 d5 8. exd5 Nxd5 9. Nxd5 exd5 10. Qe2 Re8 11. Ne5 Bf6 12. Qf3 Nxe5 13. Qxd5 Qxd5 14. Bxd5 Rb8 15. Bf4 Be6 16. Bxe6 Rxe6 17. Rae1 Rbe8 18. Bxe5 Rxe5 19. Rxe5 Rxe5 20. c3 h6 21. d4 cxd4 22. cxd4 Rb5 23. b3 Bxd4 24. Rd1 Rd5 25. Re1 Rd7 26. Re8+ Kh7 27. Ra8 a6 28. Ra7 Bxa7 29. Kg2 Rd2 30. Kf3 Rxf2+ 31. Ke4 Rxa2 32. Kd5 Ra3 33. Kd6 Rxb3 34. Kc7 b5 35. Kb7 Rb1 36. Kxa7 b4 37. Kxa6 b3 38. Ka5 b2 39. Ka4 Rg1 40. Ka3 b1Q 0-1

[Event "BRA-ch U12"]
[Site "Florianopolis"]
[Date "2018.04.30"]
[Round "5"]
[White "De Lima, Enzo Magalhaes"]
[Black "Dos Santos, Gabriel Martins"]
[Result "1/2-1/2"]
[WhiteElo "1500"]
[BlackElo "1830"]
[PlyCount "67"]
[EventDate "2018.04.28"]
[EventType "swiss"]
[EventRounds "6"]
[EventCountry "BRA"]
[SourceTitle "EXT 2021"]
[Source "ChessBase"]
[SourceDate "2020.10.23"]
[SourceVersion "1"]
[SourceVersionDate "2020.10.23"]
[SourceQuality "1"]

1. d4 Nf6 2. c4 e6 3. Nc3 Bb4 4. e3 b6 5. Bd3 Bb7 6. Nge2 Ne4 7. Qc2 Nf6 8. 0-0 0-0 9. a3 Be7 10. e4 d5 11. cxd5 exd5 12. e5 Ne4 13. Nxe4 dxe4 14. Bxe4 Bxe4 15. Qxe4 Nd7 16. Qg4 g6 17. Bh6 Re8 18. f4 f5 19. Qg3 Bf8 20. Bg5 Be7 21. Rac1 Bxg5 22. Qxg5 Qxg5 23. fxg5 c5 24. dxc5 Nxc5 25. Rfd1 Rxe5 26. Nf4 Ree8 27. Nd5 Red8 28. Nf6+ Kg7 29. b4 Ne6 30. h4 Rxd1+ 31. Rxd1 Rd8 32. Re1 Kf7 33. Kh2 h6 34. Re5 1/2-1/2

[Event "BRA-ch U12"]
[Site "Florianopolis"]
[Date "2018.04.30"]
[Round "4"]
[White "Dos Santos, Gabriel Martins"]
[Black "Feitoza, Gustavo Sampaio Lob"]
[Result "1/2-1/2"]
[WhiteElo "1830"]
[BlackElo "1534"]
[PlyCount "91"]
[EventDate "2018.04.28"]
[EventType "swiss"]
[EventRounds "6"]
[EventCountry "BRA"]
[SourceTitle "EXT 2021"]
[Source "ChessBase"]
[SourceDate "2020.10.23"]
[SourceVersion "1"]
[SourceVersionDate "2020.10.23"]
[SourceQuality "1"]

1. d4 d5 2. c4 c6 3. Nc3 Nf6 4. Nf3 a6 5. Bg5 b5 6. cxd5 cxd5 7. e3 e6 8. Bd3 Be7 9. 0-0 h6 10. Bh4 0-0 11. Qc2 Nbd7 12. Rac1 Bb7 13. Qe2 Ng4 14. Bxe7 Qxe7 15. h3 Ngf6 16. Nb1 Ne8 17. Nbd2 f5 18. Nb3 Rf6 19. g3 e5 20. Nh4 e4 21. Bb1 g5 22. Ng2 Qg7 23. Nc5 Nxc5 24. Rxc5 f4 25. Qd2 f3 26. Ne1 Qd7 27. Kh2 Bc8 28. Rh1 Qxh3+ 29. Kg1 Qg4 30. Nc2 h5 31. Kf1 h4 32. Rg1 hxg3 33. Rxg3 Qh4 34. Rg1 Rh6 35. Rxd5 Qh1 36. Rdxg5+ Kh7 37. Ke1 Ra7 38. Kd1 Qh3 39. Ne1 Qe6 40. Qc2 Qf6 41. Qc5 Rg7 42. Qe5 Qxe5 43. Rxe5 Bb7 44. Nxf3 Kh8 45. Nd2 Rh2 46. Nxe4 1/2-1/2

[Event "BRA-ch U12"]
[Site "Florianopolis"]
[Date "2018.04.28"]
[Round "1"]
[White "Da Rosa, Henrique Jaze Simoe"]
[Black "Dos Santos, Gabriel Martins"]
[Result "1-0"]
[WhiteElo "1574"]
[BlackElo "1830"]
[PlyCount "103"]
[EventDate "2018.04.28"]
[EventType "swiss"]
[EventRounds "6"]
[EventCountry "BRA"]
[SourceTitle "EXT 2021"]
[Source "ChessBase"]
[SourceDate "2020.10.23"]
[SourceVersion "1"]
[SourceVersionDate "2020.10.23"]
[SourceQuality "1"]

1. Nf3 Nf6 2. c4 g6 3. g3 Bg7 4. Bg2 0-0 5. 0-0 d6 6. d4 Nbd7 7. Nc3 c5 8. d5 Nb6 9. Nd2 Ng4 10. Qc2 Ne5 11. b3 Bf5 12. e4 Bc8 13. Bb2 f5 14. Rae1 f4 15. Nf3 Nxf3+ 16. Bxf3 Bh3 17. Bg2 Qd7 18. f3 fxg3 19. hxg3 Bd4+ 20. Kh2 Bxg2 21. Qxg2 Rf6 22. f4 Qg4 23. Nd1 Qh5+ 24. Qh3 Qxh3+ 25. Kxh3 Bxb2 26. Nxb2 Raf8 27. Nd3 e5 28. dxe6 Rxe6 29. f5 gxf5 30. exf5 Rxe1 31. Nxe1 d5 32. Nd3 dxc4 33. Nxc5 cxb3 34. Nxb3 Nc4 35. Rf3 Ne5 36. Rf1 Kg7 37. Nc5 Rf7 38. g4 b6 39. Ne6+ Kf6 40. g5+ Ke7 41. Nd4 Kd6 42. Rd1 Kc5 43. Ne6+ Kb4 44. f6 Ka3 45. Rf1 Nc4 46. Nd8 Rf8 47. f7 b5 48. Kh4 b4 49. Kh5 Rxd8 50. f8Q Rxf8 51. Rxf8 Kxa2 52. Rf5 1-0